00748nam a2200241Ia 45000010006000000050017000060070003000230080041000260400025000670410008000920820018001001000021001182450080001392500014002192600050002333000019002836530015003026530017003177000016003349420012003509520127003629990017004892817720240114001036.0ta060605s1952 g b000 u 465 u aCotton College,Assam a465 a311bAn 23 Ac aAnderson, J.L. . 0aActuarial Statistics Vol. 2 /cJ.L. Anderson & J.B. Dow.hTextual Documents a2nd ed. / aCambridge :bAt The University Press ,c1952. a281p. ;c22cm. aStatistics aG-Statistics aDow, J.B. . 2ddccBK 001040708Circulation (G)aSKBLbSKBLd2012-02-01f00000l0o311 An 23 Acp35355r2024-01-14 00:00:00t1w2012-02-01yBK c28159d28159